000 00544nam a2200193Ia 4500
005 20250326140223.0
008 250326s9999 xx 000 0 und d
020 _a0-471-43421-3
037 _aTextbook
040 _aFMSL
_beng
_cFMSL
041 _aeng
_2eng
084 _aX:9 P3
_qFMSL
100 _aEffron M
_9741827
245 0 _aHuman Resources in the 21st Century
_cEffron M; Gandossy R
260 _aNew Jersey
_bNew Jersey, John Wiley & Sons
_c2003
300 _a332p
942 _cTB
_hX:9 P3
999 _c1284799
_d1284799